000 00192 a2200097 4500
001 58345
100 _a
245 _aHuman knowledge
260 _aLondon
_broutledge
_c
090 _c35833
_d35833
942 _aNUST-CAE
_c
_c28706
999 _c293418
_d293418